| Tag |
First Indicator |
Second Indicator |
Subfields |
| LEADER |
00000cam a2200000 a 4500 |
| 001 |
in00000074486 |
| 005 |
20151008053548.0 |
| 008 |
751211s1921 enk b 00010 engm |
| 010 |
|
|
|a a 22001019
|
| 035 |
|
|
|a (OCoLC)01891198
|
| 035 |
|
|
|9 AAH7845AM
|
| 040 |
|
|
|a General Theol. Sem.
|c ZLM
|d ZLM
|d m.c.
|d TXA
|d UtOrBLW
|
| 041 |
1 |
|
|a Eng
|a lat
|
| 049 |
|
|
|a TXAM
|c [1271914]
|
| 050 |
1 |
0 |
|a PA6483.E5
|b L
|
| 090 |
|
|
|a PA6483.E5
|b L4 1931
|
| 100 |
1 |
|
|a Lucretius Carus, Titus.
|
| 240 |
1 |
3 |
|a De rerum natura
|
| 245 |
1 |
0 |
|a Of the nature of things /
|c Lucretius ; a metrical translation by William Ellery Leonard.
|
| 264 |
|
1 |
|a London :
|b J.M. Dent ;
|a New York :
|b E.P. Dutton,
|c 1921
|
| 264 |
|
3 |
|c 1931 printing
|
| 300 |
|
|
|a xvi, 301 pages ;
|c 18 cm.
|
| 336 |
|
|
|a text
|b txt
|2 rdacontent
|
| 337 |
|
|
|a unmediated
|b n
|2 rdamedia
|
| 338 |
|
|
|a volume
|b nc
|2 rdacarrier
|
| 490 |
1 |
|
|a Everyman's library
|
| 500 |
|
|
|a Translation of: De rerum natura.
|
| 504 |
|
|
|a Bibliography: pages viii.
|
| 700 |
1 |
|
|a Leonard, William Ellery,
|d 1876-1944.
|
| 830 |
|
0 |
|a Everyman's library.
|
| 999 |
|
|
|a MARS
|
| 999 |
f |
f |
|s 90aba55c-085e-3a7f-aa2e-5fa1f4f9db2c
|i 3de4d5dd-7d7a-3185-9b29-5e950e30d21c
|t 0
|
| 952 |
f |
f |
|p normal
|a Texas A&M University
|b College Station
|c Sterling C. Evans Library
|d Evans: Library Stacks
|t 0
|e PA6483.E5 L4 1931
|h Library of Congress classification
|i unmediated -- volume
|m A14806173824
|
| 998 |
f |
f |
|a PA6483.E5 L4 1931
|t 0
|l Evans: Library Stacks
|